Capital income taxation in a growing open economy.

Dynamické makroekonomické účinky rôznych foriem zdanenia príjmu z kapitálu v modeli malej otvorenej ekonomiky s dokonalou mobilitou finančného kapitálu a optimalizáciou medzi obdobiami u domácností a firiem. Zavedenie nízkej podnikovej dane z príjmu dlhodobo neovplyvní spotrebu, ale povedie k výmene...

Descrizione completa

Salvato in:
Dettagli Bibliografici
Autore principale: Nielsen, S.B
Altri autori: Sorensen, P.B
Natura: Capitolo di libro
Lingua:inglese
Soggetti:
Tags: Aggiungi Tag
Nessun Tag, puoi essere il primo ad aggiungerne!!

MARC

LEADER 00000naa a2200000 4500
001 r003390
005 20221130103058.0
041 0 |a eng 
044 |a NL 
245 1 0 |a Capital income taxation in a growing open economy.  |c S.B. Nielsen, P.B. Sorensen 
520 |a Dynamické makroekonomické účinky rôznych foriem zdanenia príjmu z kapitálu v modeli malej otvorenej ekonomiky s dokonalou mobilitou finančného kapitálu a optimalizáciou medzi obdobiami u domácností a firiem. Zavedenie nízkej podnikovej dane z príjmu dlhodobo neovplyvní spotrebu, ale povedie k výmene akcií v balíku cenných papierov domácností za zahraničné finančné aktíva. 
610 2 0 |a dane z príjmov 
610 2 0 |a dane zo zisku 
610 2 0 |a domácnosti 
610 2 0 |a firmy 
610 2 0 |a modely ekonomické 
610 2 0 |a pohyb kapitálu 
610 2 0 |a optimalizácia 
610 2 0 |a dane podnikové 
610 2 0 |a papiere cenné 
100 1 |a Nielsen, S.B. 
700 1 |a Sorensen, P.B.